| 000 | 02133cam a2200337 i 4500 | ||
|---|---|---|---|
| 003 | SA-RiAUC | ||
| 005 | 20240920150847.0 | ||
| 008 | 240918s1994 mr a f i101 0bara c | ||
| 020 | _a4321170 | ||
| 040 |
_aSA-MuMU _bara _cSA-RiAUC _dSA-RiKSU _erda |
||
| 050 | 4 | _bN32 1990 | |
| 082 | 0 | 4 |
_a258.3 _qSA-RiAUC |
| 090 |
_a258.3 _bن د و |
||
| 111 | 2 |
_aالندوة العالمية حول الاحتفاء بمرور اثني عشر قرنا على وفاة الإمام الشافعي _d( 1990 : _cكوالالمبور) |
|
| 245 | 1 | 2 |
_aالإمام الشافعي : _bالاحتفاء بذكرى مرور اثني عشر قرنا على وفاته، كوالالمبور-ماليزيا 22-24 محرم 1411 هـ. / 13-15 غشت 1990 م. _nج. 1، _p(البحوث المقدمة باللغة العربية) |
| 246 | 3 | 5 |
_a :Imam Alshafii _bresearch papers of the symposium on commemoration of the twelfth centenary of the death of Imam Al-shafii, Kuala Lumpur, Malaysia, 22-24 Muharram 1411 H / 13-15 August 1990. _nvol. 1, _p(Arabic papers) |
| 246 | 3 | 5 |
_a :Imam Alshafii _nvol., _p(Commiunications en langue Arabe) |
| 264 | 1 |
_a[الرباط] : _bالمنظمة الإسلامية للتربية والعلوم والثقافة-إيسيسكو، _c1994 |
|
| 300 |
_a550 صفحة : _bجداول ؛ _c24 × 17 سم |
||
| 336 |
_aنص _btxt _2rdacontent _3كتاب |
||
| 337 |
_aبدون وسيط _bn _2rdamedia |
||
| 338 |
_aمجلد _bnc _2rdacarrier |
||
| 500 | _aم أ ت/8/أ8ش1. | ||
| 600 | 1 | 7 |
_aالإمام الشافعي، محمد بن إدريس بن العباس، _d150-204 هجري _xذكرى سنوية، إلخ. _vمؤتمرات _2aucnm |
| 600 | 1 | 7 |
_aالإمام الشافعي، محمد بن إدريس بن العباس، _d150-204 هجري _xذكرى سنوية، إلخ. _xمطبوعات حكومية _2aucnm |
| 650 | 7 |
_aالفقهاء الشافعية _vتراجم _vمؤتمرات _2aucsh |
|
| 650 | 7 |
_aالفقهاء الشافعية _vتراجم _xمطبوعات حكومية _2aucsh |
|
| 650 | 7 |
_aالمطبوعات الحكومية _2aucsh |
|
| 942 |
_2ddc _cBOOK |
||
| 949 |
_aSA-JeALM _d240918 _umohamedma123 _n1 |
||
| 999 |
_c428 _d428 |
||